|
|
|
|
| LEADER |
00000cam a2200000 c 4500 |
| 001 |
141254378 |
| 003 |
DE-627 |
| 005 |
20251222202018.0 |
| 007 |
tu |
| 008 |
940309s1900 fr ||||| 00| ||fre c |
| 035 |
|
|
|a (DE-627)141254378
|
| 035 |
|
|
|a (DE-576)9141254376
|
| 035 |
|
|
|a (DE-599)GBV141254378
|
| 035 |
|
|
|a (OCoLC)13895330
|
| 040 |
|
|
|a DE-627
|b ger
|c DE-627
|e rakwb
|
| 041 |
|
|
|a fre
|
| 044 |
|
|
|c XA-FR
|
| 082 |
0 |
|
|a 290
|q OCLC
|
| 100 |
1 |
|
|0 (DE-588)118695568
|0 (DE-627)13345035X
|0 (DE-576)163766320
|4 aut
|a Gobineau, Arthur de
|d 1816-1882
|
| 109 |
|
|
|a LesPléiades, Joseph Arthur comte de 1816-1882
|a Pléiades, Joseph Arthur comte de 1816-1882
|a Gobineau Graf 1816-1882
|a Gobineau 1816-1882
|a Gobineau, Josef Arthur von 1816-1882
|a Gobineau, J.A. de 1816-1882
|a Gobineau, Arthur 1816-1882
|a Gobineau, J.-A. de 1816-1882
|a Les Pléiades, Joseph Artur de 1816-1882
|a De Gobineau, Joseph Arthur Graf 1816-1882
|a Gobineau, J. A. de 1816-1882
|a LesPléiades, Joseph Artur de 1816-1882
|a Gobineau, Joseph Artur de 1816-1882
|a Gobineau comte de 1816-1882
|a Gobineau, Joseph-Artur de 1816-1882
|a Gobineau, Arthur de 1816-1882
|a Les Pléiades, Joseph Arthur de 1816-1882
|a Gūbinīū Kunt 1816-1882
|a Gobineau, Arthur Graf 1816-1882
|a Gobineau, Joseph A. de 1816-1882
|a Gūbiniyū 1816-1882
|a Gobineau, Arthur Joseph de 1816-1882
|a Gobineau, Arthur von 1816-1882
|a Gobineau, Joseph Arthur comte de 1816-1882
|a Gobineau, Arthur-Joseph de 1816-1882
|a Gobineau, Joseph-Arthur de 1816-1882
|a Gobineau, Joseph Arthur Graf 1816-1882
|a Gobineau, Arthur comte de 1816-1882
|a Gobineau, Joseph Arthur de 1816-1882
|a Rozen le-vet Gobino 1816-1882
|a Gobineau, Joseph Arthur von 1816-1882
|a Gobineau, Joseph Arthur 1816-1882
|a Pléiades, Joseph Arthur de les 1816-1882
|a Pléiades, Joseph Artur de les 1816-1882
|
| 245 |
1 |
4 |
|a Les religions et les philosophies dans l'Asie centrale
|c par le Comte de Gobineau. [Préface....: Ludwig Schemann]
|
| 250 |
|
|
|a 3. Éd.
|
| 264 |
|
1 |
|a Paris
|b Leroux
|c 1900
|
| 300 |
|
|
|a X, 543 S.
|c 8°
|
| 336 |
|
|
|a Text
|b txt
|2 rdacontent
|
| 337 |
|
|
|a ohne Hilfsmittel zu benutzen
|b n
|2 rdamedia
|
| 338 |
|
|
|a Band
|b nc
|2 rdacarrier
|
| 500 |
|
|
|a [1. Aufl. 1865]
|
| 583 |
1 |
|
|a Massenentsäuert
|c 2012
|k DE-18
|2 pdager
|5 DE-18-309
|
| 583 |
1 |
|
|a Massenentsäuert
|c 2012
|2 pdager
|5 DE-39
|
| 601 |
|
|
|a Philosophie
|
| 700 |
1 |
|
|0 (DE-588)117213012
|0 (DE-627)078657393
|0 (DE-576)216454344
|4 oth
|a Schemann, Ludwig
|d 1852-1938
|
| 935 |
|
|
|a SP
|a FBGO
|a mteo
|
| 951 |
|
|
|a BO
|
| ELC |
|
|
|b 1
|
| LOK |
|
|
|0 000 xxxxxcx a22 zn 4500
|
| LOK |
|
|
|0 001 455533020X
|
| LOK |
|
|
|0 003 DE-627
|
| LOK |
|
|
|0 004 141254378
|
| LOK |
|
|
|0 005 20250127141246
|
| LOK |
|
|
|0 008 240722||||||||||||||||ger|||||||
|
| LOK |
|
|
|0 040
|a DE-Tue135
|c DE-627
|d DE-Tue135
|
| LOK |
|
|
|0 092
|o n
|
| LOK |
|
|
|0 852
|a DE-Tue135
|
| LOK |
|
|
|0 852 1
|9 00
|
| LOK |
|
|
|0 866
|x SPQUE#Forschungsbibliothek Gotha#SPSAM#Herzogliche Sammlung (Theologie)#SPSYS#03 Theologie
|
| LOK |
|
|
|0 866
|x SPQUE#Forschungsbibliothek Gotha#SPSAM#Bestand Theologie (bis 2024-03)
|
| LOK |
|
|
|0 935
|a FBGO
|a gohs
|a goth
|
| LOK |
|
|
|0 939
|a 22-07-24
|b l01
|
| ORI |
|
|
|a SA-MARC-ixtheoa001.raw
|
| REL |
|
|
|a 1
|
| SUB |
|
|
|a REL
|